000 00344nam a2200133 a 4500
005 20140414131856.0
008 100828s19uu xx 00 eng d
050 _aFIL
_bB17 2006
100 _aChong, Grace
245 _aBakit hindi naka-lipistik si Nanay?.
260 _aManila, Philippines :
_bHiyas,
_c2006.
440 _a
999 _c110460
_d110460